|
|
|
|
| LEADER |
03021nam a2200421 a 4500 |
| 001 |
GR-Antirio904 |
| 008 |
140307s2009 gr g 001 0 gre d |
| 020 |
|
|
|a 9789604181841
|q set
|
| 020 |
|
|
|a 9789604181858
|q τ.1
|
| 040 |
|
|
|a GrPaTEI
|b gre
|c GR-PaULI
|
| 040 |
|
|
|a GrPaTEI
|b gre
|c GR-PaULI
|
| 082 |
|
0 |
|a 005.1
|2 22
|
| 100 |
1 |
|
|a Knuth, Donald Ervin,
|d 1938-
|
| 245 |
1 |
2 |
|a Η τέχνη του προγραμματισμού /
|c Donalde E. Knuth ; επιμέλεια μετάφρασης: Μάνος Ρουμελιώτης ; μετάφραση: Σταύρος Σουραβλάς.
|
| 250 |
|
|
|a 3η έκδ.
|
| 260 |
|
|
|a Θεσσαλονίκη :
|b Τζιόλα,
|c 2009
|
| 300 |
|
|
|a τ. :
|b είκ.
|
| 500 |
|
|
|a Περιέχει ευρετήριο και λεξιλόγιο
|
| 500 |
|
|
|a Σύστημα "ΕΥΔΟΞΟΣ": αρ. εισ. 9311, 9312, 9493, 9609
|
| 500 |
|
|
|a Τμήμα Μηχανικών Πληροφορικής Τ.Ε. (Αντίρριο)
|
| 505 |
0 |
|
|a Τ.1. Θεμελιώδεις αλγόριθμοι
|
| 610 |
|
4 |
|a Σύστημα ΕΥΔΟΞΟΣ
|
| 610 |
2 |
4 |
|a Τμήμα Μηχανικών Πληροφορικής Τ.Ε. (Αντίρριο)
|
| 650 |
|
4 |
|a Αλγόριθμοι
|
| 650 |
|
4 |
|a Ηλεκτρονικοί υπολογιστές
|x Προγραμματισμός
|
| 700 |
1 |
|
|a Ρουμελιώτης, Μάνος
|
| 700 |
1 |
|
|a Σουραβλάς, Σταύρος
|
| 710 |
0 |
|
|a Τζιόλας
|
| 942 |
|
|
|2 ddc
|
| 952 |
|
|
|0 0
|1 0
|2 ddc
|3 τ.1
|4 0
|6 005_100000000000000_KNU
|7 0
|9 262410
|a LISK-2
|b LISK-2
|c EUD
|d 2021-01-17
|e 24
|f 0
|g 0.00
|l 0
|o 005.1 KNU
|p 2430000009311
|r 2021-01-17 00:00:00
|t 1
|w 2021-01-17
|y BK15
|x 20140307 0 ΧΑΣΑΝΗ 1
|x GrPaTEI - Antirrio
|
| 952 |
|
|
|0 0
|1 0
|2 ddc
|3 τ.1
|4 0
|6 005_100000000000000_KNU
|7 0
|9 262411
|a LISK-2
|b LISK-2
|c EUD
|d 2021-01-17
|e 24
|f 0
|g 0.00
|l 0
|o 005.1 KNU
|p 2430000009312
|r 2021-01-17 00:00:00
|t 1
|w 2021-01-17
|y BK15
|x 20140307 0 ΧΑΣΑΝΗ 1
|x GrPaTEI - Antirrio
|
| 952 |
|
|
|0 0
|1 0
|2 ddc
|3 τ.1
|4 0
|6 005_100000000000000_KNU
|7 0
|9 262412
|a LISK-2
|b LISK-2
|c EUD
|d 2021-01-17
|e 24
|f 0
|g 0.00
|l 0
|o 005.1 KNU
|p 2430000009493
|r 2021-01-17 00:00:00
|t 1
|w 2021-01-17
|y BK15
|x 20141203 0 ΧΑΣΑΝΗ 1
|x GrPaTEI - Antirrio
|
| 952 |
|
|
|0 0
|1 0
|2 ddc
|3 τ.1
|4 0
|6 005_100000000000000_KNU
|7 0
|9 262413
|a LISK-2
|b LISK-2
|c EUD
|d 2021-01-17
|e 24
|f 0
|g 0.00
|l 0
|o 005.1 KNU
|p 2430000009609
|r 2021-01-17 00:00:00
|t 1
|w 2021-01-17
|y BK15
|x 20150430 0 ΧΑΣΑΝΗ 1
|x GrPaTEI - Antirrio
|
| 952 |
|
|
|0 0
|1 0
|2 ddc
|3 τ.1
|4 0
|6 005_100000000000000_KNU
|7 0
|9 262414
|a LISK-2
|b LISK-2
|c EUD
|d 2021-01-17
|e 24
|f 0
|g 0.00
|l 0
|o 005.1 KNU
|p 99243000009812
|r 2021-01-17 00:00:00
|t 1
|w 2021-01-17
|y BK15
|x GrPaTEI - Antirrio
|
| 952 |
|
|
|0 0
|1 0
|2 ddc
|3 τ.1
|4 0
|6 005_100000000000000_KNU
|7 0
|9 322673
|a MSLG
|b MSLG
|c EUD
|d 2021-01-23
|e 24
|f 0
|g 0.00
|l 0
|o 005.1 KNU
|p 99242000029228
|r 2021-01-23 00:00:00
|t 6
|w 2021-01-23
|y BK15
|x GrPaTEI
|
| 952 |
|
|
|0 0
|1 0
|2 ddc
|3 τ.1
|4 0
|6 005_100000000000000_KNU
|7 0
|9 375771
|a MSLG
|b MSLG
|c EUD
|d 2023-12-15
|i 30241
|l 0
|o 005.1 KNU
|p 992420030241
|r 2023-12-15 00:00:00
|t 7
|w 2023-12-15
|y BK15
|
| 971 |
|
|
|a .b25707036
|b 16-04-20
|c 12-09-16
|
| 999 |
|
|
|c 151312
|d 151312
|